| 000 | 00797nam a2200145Ia 4500 | ||
|---|---|---|---|
| 005 | 20240822022755.0 | ||
| 008 | 240331s9999 xx 000 0 und d | ||
| 020 | _a9221075443 | ||
| 082 |
_bAHA _a613.94 |
||
| 245 | 2 |
_aA Handbook on Incentives for the Promotion of Family Planning Amongst Workers in the Organised Sector : _b- |
|
| 260 |
_aBangkok _bLabor and Population Team for Asia and the Pacific _c1990 |
||
| 300 | _a40 p ., | ||
| 500 | _aThe basic purpose of this handbook is to explain the role of Special payments and other measures which have been or may be utilized by employers, trade unions and labor Administrations to encourage workers and their spouses to practice family planning; employers to provide the necessary education and services to make such practice possible; | ||
| 942 | _cL | ||
| 999 |
_c3040 _d3040 |
||